Dispute resolution in Asia (Record no. 151621)

MARC details
000 -LEADER
fixed length control field 00776nam a2200229Ia 4500
008 - FIXED-LENGTH DATA ELEMENTS--GENERAL INFORMATION
fixed length control field 191130s2006##################000#0#eng##
020 ## - INTERNATIONAL STANDARD BOOK NUMBER
ISBN 9789041124463
082 ## - DEWEY DECIMAL CLASSIFICATION NUMBER
Classification number 347.509 PRY
245 ## - TITLE STATEMENT
Title Dispute resolution in Asia
Statement of responsibility, etc edited by Michael Pryles
250 ## - EDITION STATEMENT
Edition statement 3rd ed
260 ## - PUBLICATION, DISTRIBUTION, ETC. (IMPRINT)
Place of publication The Hague ; Frederick, MD
Name of publisher Distributed in North America by Aspen Pub., Kluwer Law International
Year of publication c2006
300 ## - PHYSICAL DESCRIPTION
Number of Pages xxxix, 475 p.; 25 cm
500 ## - GENERAL NOTE
General note Includes bibliographical references and index
650 ## - SUBJECT ADDED ENTRY--TOPICAL TERM
Topical Term Dispute resolution (Law) - East Asia
Topical Term Dispute resolution (Law) - Southeast Asia
700 ## - ADDED ENTRY--PERSONAL NAME
Personal name Pryles, Michael Charles
991 ## -
-- 437400
Holdings
Withdrawn status Lost status Damaged status Not for loan Home library Current library Shelving location Date acquired Full call number Accession Number Price effective from Koha item type
        Anna Centenary Library Anna Centenary Library 4TH FLOOR, A WING 12.10.2020 347.509 PRY 138080 12.10.2020 English Books

Find us on the map